000 00952nam a22002777a 4500
001 8617
003 FISKH
005 20251009162654.0
008 251003b cb ||||| |||| 00| 0 eng d
020 _a9780439931168
040 _aFISKH
_beng
_cFISKH
_dFISKH
050 _aPZ7.M992 H
082 _a813.54
100 _aMyers, Walter Dean
_eAuthor
245 _aHandbook for boys :
_bA novel
_cWalter Dean Myers ; Drawing by Matthew Bandsuch
260 _aNew York :
_bScholastic ;
_c2002.
300 _a211 pages :
_billustrations ;
_c18 cm.
505 _aR
520 _aSixteen-year-old Jimmy, on probation for assault, talks about life with three old men in a Harlem barbershop and hears about the tools he can use to get what he wants.
521 8 _a740
_bLexile
521 8 _aR
_bRaz-Plus
650 _aGeneral fiction
_vNecessary life lessons
700 _aBandsuch, Matthew
_eIllustrator
942 _2ddc
_cBK
_n0
999 _c8617
_d8617